La rosa púrpura del Cairo
Estados Unidos, Gran Depresión. Mientras Cecilia trabaja como camarera en Nueva Jersey, su marido se dedica a hacer el vago. Su única distracción es el cine, al que va una y otra vez para evadirse de la dura realidad y soñar con un mundo de champagne, trajes de noche y fiestas elegantes. Una noche,...
Guardado en:
| Autor Principal: | |
|---|---|
| Autor Corporativo: | |
| Otros Autores: | , , , |
| Formato: | |
| Idioma: | Undetermined |
| Publicado: |
Estados Unidos :
Orion Pictures,
1985.
|
| Materias: | |
| Etiquetas: |
Agregar Etiqueta
Sin Etiquetas, Sea el primero en etiquetar este registro!
|
| LEADER | 01424ngm a22002535a 4500 | ||
|---|---|---|---|
| 001 | CEM.cems020684 | ||
| 008 | 231123s1985####xx#---############vlund#d | ||
| 005 | 20231123191133.0 | ||
| 245 | 1 | 0 | |a La rosa púrpura del Cairo |h [videograbación] / |c Woody Allen. |
| 260 | |a Estados Unidos : |b Orion Pictures, |c 1985. | ||
| 300 | |a 82'. | ||
| 520 | |a Estados Unidos, Gran Depresión. Mientras Cecilia trabaja como camarera en Nueva Jersey, su marido se dedica a hacer el vago. Su única distracción es el cine, al que va una y otra vez para evadirse de la dura realidad y soñar con un mundo de champagne, trajes de noche y fiestas elegantes. Una noche, el protagonista de su película favorita, "La rosa púrpura de El Cairo", se fija en ella y atraviesa la pantalla para conocerla. | ||
| 590 | |a Identificación anterior: 301 | ||
| 538 | |a Soporte: DVD -- Formato: DVD Peso: 3.88gb -- Resolución: 720 x 480 -- 29.97fps | ||
| 500 | |a Título original: The Purple Rose of Cairo Idioma: Inglés Subtítulos: Español, inglés, portugués, koreano y chino. | ||
| 100 | 1 | |a Allen, Woody. | |
| 700 | 1 | |a Hyman, Dick; Música. | |
| 700 | 1 | |a Farrow, Mia; Reparto. | |
| 700 | 1 | |a Daniels, Jeff; Reparto. | |
| 700 | 1 | |a Aiello, Danny; Reparto. | |
| 710 | 2 | |a Jack Rollins & Charles H. Joffe Productions. | |
| 653 | |a FICCIÓN | ||
| 653 | |a LARGOMETRAJE | ||
| 859 | |a CEMS |b BIB. CEMS - Depto. Recursos Didacticos |h 778.5 |i ALL-5 |k DRD |p 3242.23 |t Ej.1 | ||
